Musician to State - Statistics

General Stats
  • This quiz has been taken 9 times
  • The average score is 12 of 50
Answers on the Map
Answers color-coded by a green-red scale on the quiz's map according to % correct below.
 
Answer Stats
Answer % Correct
Israel "Iz" Kamakawiwo'ole
71%
Willie Nelson
71%
Darius Rucker
57%
Dolly Parton
57%
Frank Sinatra
57%
Jewel
57%
John Denver
57%
Louis Armstrong
57%
Micheal Jackson
57%
Demi Lovato
43%
Elvis Presley
43%
Prince
43%
Brad Paisley
29%
Brandon Flowers (The Killers)
29%
Ella Fitzgerald
29%
James Brown
29%
Jimi Hendrix
29%
John Coltrane
29%
Johnny Cash
29%
Tom Petty
29%
Tony Bennett
29%
Wiz Khalifa
29%
araabMUZIK
14%
Conor Oberst
14%
David Archuleta
14%
George Thorogood
14%
Glenn Miller
14%
Hank Williams
14%
Jerry Garcia
14%
John Mayer
14%
Justin Vernon (Bon Iver)
14%
Linda Ronstadt
14%
Melissa Etheridge
14%
Nikki Sixx
14%
Ray LaMontagne
14%
Ronnie James Dio
14%
Scott Avett (Avett Brothers)
14%
Billie Holiday
0%
Chuck Berry
0%
Dean Martin
0%
Esperanza Spalding
0%
Frank Zappa
0%
Garth Brooks
0%
James Taylor
0%
Jeff Ament
0%
Jim James
0%
Miles Davis
0%
Shawn Colvin
0%
Stevie Wonder
0%
Trey Anastasio
0%
No matching quizzes found
Score Distribution
Percent of People with Each Score
Percentile by Number Answered
Your Score History
You have not taken this quiz